| 000 | 00531nam a2200181Ia 4500 | ||
|---|---|---|---|
| 005 | 20250508154135.0 | ||
| 008 | 008 250505s9999 xx 000 0 eng d | ||
| 037 | _aBooks to be hide in OPAC | ||
| 040 |
_aFEDL _beng _cFEDL |
||
| 041 |
_aeng _2eng |
||
| 084 |
_a658.3, FOX/O _qFEDL |
||
| 100 |
_aFox William M Ed. _9765140 |
||
| 245 | 0 | _aReadings in personnel management | |
| 260 |
_aNew York, USA _bHenry Holt and Company _c1957 |
||
| 300 | _aviii,117p | ||
| 942 |
_cHB _h658.3, FOX/O |
||
| 999 |
_c1347945 _d1347945 |
||